1084 1595 1551 1150 1539 1807 1632 1830 1026 1524 1457 1155 1633 1113 1016 1078 1753 1680 1302 1450 1833 1661 1639 1896 1050 1960 1519 1798 1063 1179 1304 1181 1932 1361 1691 1074 1066 1989 1226 1371 1303 1785 1445 1974 1492 1589 1410 1854 1631 1574 1024 1846 1384 1798 1717 1887 1499 1842 1252 1453 1968 1542 1812 1718 1609 1764 1941 1725 1443 1934 1691 1180 1491 1133 1837 1488 1629 1180 1425 1883 1190 1668 1255 1454 1915 1859 1207 1795 1060 1441 1515 1701 1960 1583 1780 1419 1111 1100 1479 BCNSPRNW ULIB Ver.6.0+V

เปลี่ยนเป็นภาษาไทย

Change to English
 แสดงรายละเอียดบรรณานุกรม
  กลับหน้าหลัก

Brief Record : Get Marc (ISO 2709) : E-mail record : QR code < ปิดหน้าต่าง
LEADER : 00000nam 2200000uu 4500
001    13399121705
003     ULIB
008    121130s2549||||th 000 0 tha d
020    ^a9749450175
099    ^aนว.ฬ111ด ล.2
100    ^aฬีฬา
245    ^aดวงตาในดวงใจ/^cฬีฬา
250    ^aพิมพ์ครั้งที่ 1
260    ^aกรุงเทพฯ :^bยาหยี-ยาใจ,^c2549
300    ^a292 หน้า
945    ^p0^l0^i020199
995    ^a เกษร
999    ^aใช้งานได้ทุกระบบ
รายการนี้ยังไม่มีแท็ก
คุณยังไม่ได้ล็อกอิน คุณสามารถมีกิจกรรมร่วมกับเว็บไซต์ได้ แต่ต้องล็อกอินก่อน ::
  ล็อกอิน

รายการสื่อสารสนเทศ

ลำดับที่ ประเภท เลขเรียก/บาร์โค้ด สถานที่ สถานะ
1. นวนิยาย
นวนิยาย
นว.ฬ111ด ล.2  
  Barcode: 020199
ห้องสมุดวิทยาเขตสวรรค์ประชารักษ์
►นวนิยาย
บนชั้น
  ขอยืม

รายการใกล้เคียง
    ผู้แต่ง [ฬีฬา]

BibComment


ยังไม่เคยถูกคอมเมนท์

คอมเมนท์ทรัพยากรรายการนี้
  คอมเมนท์: ดวงตาในดวงใจ ฬีฬา


 Copyright 2026. Bcnsprnw @Library